00799nam a2200217 a 450000500170000000800410001701000140005802000240007203500130009603700150010904000180012408200110014210000220015324500800017526000620025527000410031730000360035894200250039499900170041995201450043620090728111326.0080103s2008 nyua b 000 0beng  aENG-94591 a8189579010c1100.00 aEN-78124 bDBAD / PUB adplbEnglish  a667.26 aVankar, Padma S.  aHandbook on natural dyes for industrial applications /cby Padma S. Vankar  aDelhibNational Institute of Industrial Researchc(200?)  a106-E, Kamla Nagar, bDelhi e110007 axiv, 472p. bill. ;c23cm(pbk)  2ddccENmVANh667.26 c28727d28727 00102ddc40718NFICaDBADbDBADd2009-07-28eDBAD / PUBg1100.00l0o667.26 VANpEN-78124r2009-07-28 00:00:00t1v1100.00w2009-07-28yEN